000 00304cam a22000977a 4500
008 180718b-- xxu||||| |||| 00| 0 eng d
082 _aN4065x79494
245 _aStatistical digest
260 _aLos Angeles
_bPlanning and Research Division
_c--
500 _aLbrary has 1958-1959, 1961-1962, 1964-1965, 1967-1969
999 _c493932
_d493932